| 000 | 00592nam a22002177a 4500 | ||
|---|---|---|---|
| 003 | OSt | ||
| 005 | 20220107122836.0 | ||
| 008 | 180116b xxu||||| |||| 00| 0 eng d | ||
| 020 | _a9780262037242 | ||
| 040 | _cIIITMK | ||
| 082 | _a006.8 FOS/C | ||
| 100 |
_aFoster, Ian _913601 |
||
| 245 | _aCloud computing for science and engineering | ||
| 260 |
_aLondon, _bThe MIT Press, _c2017. |
||
| 300 | _axvi, 372p. | ||
| 650 |
_aCOMPUTER SCIENCE _913602 |
||
| 650 |
_aCLOUD COMPUTING _913603 |
||
| 650 |
_aSCIENCE AND ENGINEERING _913604 |
||
| 700 |
_aGannon, Dennis B. _913605 |
||
| 942 |
_2ddc _cBK |
||
| 999 |
_c5965 _d5965 |
||